Answers Contain "Snow" ❄️ - Statistics

General Stats
  • This quiz has been taken 66 times
  • The average score is 11 of 17
Answer Stats
Hint Answer % Correct
A feathery ice crystal, typically with delicate sixfold symmetry snowflake
98%
A blizzard snowstorm
98%
Can be created by lying in snow and waving arms and legs snow angel
92%
Sport of Shaun White snowboarding
81%
An implement or vehicle for clearing snow snowplow
80%
Protagonist of the first U.S. animated feature film Snow White
76%
Decorative sphere with a miniature scene and swirling flakes snow globe
73%
Ice shavings that are topped with flavored sugar syrup snow cone
71%
Panthera uncia, native to the mountains of Central and South Asia snow leopard
64%
A motorized vehicle for winter travel and recreation on snow snowmobile
64%
Condition that can be prevented with sunglasses snow blindness
56%
Band of "Chasing Cars" and "Spitting Games" Snow Patrol
54%
Bastard of Winterfell in Game of Thrones Jon Snow
53%
1945 wintry song that is now considered a Christmas song Let It Snow
47%
A northerner who moves to a warmer southern state in the winter snowbird
47%
1950 Gene Autry song: “A corncob pipe and a button nose” Frosty the Snowman
39%
2013 Bong Joon-ho film about post-apocalyptic train Snowpiercer
31%
No matching quizzes found
Score Distribution
Percent of People with Each Score
Percentile by Number Answered
Your Score History
You have not taken this quiz